| 000 | 00833nam a22002177a 4500 | ||
|---|---|---|---|
| 001 | 45357 | ||
| 003 | BD-RjUL | ||
| 005 | 20211209054012.0 | ||
| 008 | 160725m19721968bg ||||| |||| 00| 0 ben d | ||
| 020 | _c: TK 2.75 | ||
| 035 | _a(BD-RjUL)45475 | ||
| 040 |
_aBD-RjUL _bben _cBD-RjUL |
||
| 041 | _aben | ||
| 082 |
_223 _a327.014 _bANT 1972 |
||
| 245 | 1 | 0 | _aআন্তর্জাতিক সম্পর্ক পরিভাষা-কোষ = Terminology of international relations / |
| 260 |
_aঢাকা : _bবাংলা একাডেমী, _c১৯৬৮ _c১৯৭২ |
||
| 300 |
_a১০০ পৃ. ; _c২৩ সেমি. |
||
| 650 |
_aআন্তর্জাতিক সম্পর্ক _xপরিভাষা _9138884 |
||
| 650 |
_aInternational Relation _xDictionary _9138885 |
||
| 942 |
_2ddc _cREF |
||
| 999 |
_c45357 _d45357 |
||